000 00663nam a2200277Ia 4500
005 20260324113057.0
008 008 260324s9999 xx 000 0 eng d
020 _a9781003289401
037 _aEBOOK
040 _aCRL
040 _beng
040 _cCRL
041 _2eng
041 _aeng
084 _qCRL
100 _aFidel Toldrá; Leo Nollet
_91145321
245 0 _aHandbook of Seafood and Seafood Products Analysis
260 _bTaylor and Francis
260 _c2024
365 _a
365 _b450
856 _uhttp://www.taylorfrancis.com/books/9781003289401
942 _cEBOOK
999 _c1734787
_d1734787